000
00314nam a2200121Ia 4500
008
191201s2014 xx 000 0 und d
100
_a
BHAVIKATTI, S. S.
245
0
_a
Structural analysis Vol II
260
_a
N. delhi
_b
Vikas Publication House
_c
2014
300
_a
429
650
_a
B.Tech(CE)
942
_2
ddc
_c
BK
_0
28
999
_c
6544
_d
6544